Word Ladder: Tom Sawyer's Buddy Quiz Stats

 Plays Quiz Updated Mar 4, 2016

Challenge
Share
Tweet
Embed
Score 0/18 Timer 02:00
3 Plays Today
Clue 4-Letter Word % Correct
Jagger of 'The Rolling Stones'MICK
98.3%
Lacking lightDARK
97.7%
RodentsMICE
97.4%
• Author Twain who created [First Rung] [Last Rung]' •• MARK •
97.3%
Female horseMARE
96.3%
Section of a windowPANE
94.7%
White + redPINK
94.6%
A type of evergreenPINE
93.6%
Sticky garbageMUCK
93.6%
Clue 4-Letter Word % Correct
Projectile at a playful pubDART
93.5%
• Tom Sawyer's Companion [Part 1] •• HUCK •
92.9%
Wet, soggy mudMIRE
92.7%
Breathe quick short breathsPANT
92.2%
Give an angry speechRANT
91.7%
• Tom Sawyer's Companion [Part 2] •• FINN •
89.6%
An informantFINK
86.3%
• Vehicle for [First Rung] [Last Rung] •• RAFT •
82.4%
CrazyDAFT
81.3%

Today's Daily Dose

You're not logged in!

Compare scores with friends on all Sporcle quizzes.
Join for Free
OR
Log In

You Might Also Like...

Show Comments

Extras

Top Quizzes Today


Score Distribution

Your Account Isn't Verified!

In order to create a playlist on Sporcle, you need to verify the email address you used during registration. Go to your Sporcle Settings to finish the process.

Report this User

Report this user for behavior that violates our Community Guidelines.

Details: